[Event "11th LCC Rapid 2019"]
[Site "London"]
[Date "2019.12.07"]
[Round "6.25"]
[White "Chakanyuka, Charles"]
[Black "Kirupakaran, Vishnu"]
[Result "1/2-1/2"]
[WhiteElo "1995"]
[BlackElo "1871"]
[PlyCount "100"]
[EventDate "2019.12.08"]
[EventType "swiss"]
[EventCountry "ENG"]
[TimeControl "15+10"]
[WhiteClock "0:06:21"]
[BlackClock "0:05:00"]

1. e4 {[%emt 0:00:00]} c5 {[%emt 0:00:00]} 2. Nf3 {[%emt 0:00:00]} d6 {[%emt 0:00:00]} 3. d4 {[%emt 0:00:00]} cxd4 {[%emt 0:00:00]} 4. Qxd4 {[%emt 0:00:00]} a6 {[%emt 0:00:00]} 5. c4 {[%emt 0:00:00]} Nc6 {[%emt 0:00:00]} 6. Qd1 {[%emt 0:00:00]} Nf6 {[%emt 0:00:00]} 7. Nc3 {[%emt 0:00:00]} g6 {[%emt 0:00:00]} 8. g3 {[%emt 0:00:00]} Bg7 {[%emt 0:00:00]} 9. Bg2 {[%emt 0:00:00]} O-O {[%emt 0:00:00]} 10. O-O {[%emt 0:00:00]} Be6 {[%emt 0:00:00]} 11. Qe2 {[%emt 0:00:00]} Rc8 {[%emt 0:00:00]} 12. Nd5 {[%emt 0:00:00]} Na5 {[%emt 0:00:00]} 13. Nd2 {[%emt 0:00:00]} Bxd5 {[%emt 0:00:00]} 14. exd5 {[%emt 0:00:00]} Qc7 {[%emt 0:00:00]} 15. Re1 {[%emt 0:00:00]} Rfe8 {[%emt 0:00:00]} 16. Bf1 {[%emt 0:00:00]} Nd7 {[%emt 0:00:00]} 17. Rb1 {[%emt 0:00:00]} Ne5 {[%emt 0:00:00]} 18. b3 {[%emt 0:00:00]} b6 {[%emt 0:00:00]} 19. Bh3 {[%emt 0:00:00]} Rb8 {[%emt 0:00:00]} 20. Bb2 {[%emt 0:00:00]} Nb7 {[%emt 0:00:00]} 21. f4 {[%emt 0:00:00]} Nd7 {[%emt 0:00:00]} 22. Bxg7 {[%emt 0:00:00]} Kxg7 {[%emt 0:00:00]} 23. Nf3 {[%emt 0:00:00]} Qc5+ {[%emt 0:00:00]} 24. Qf2 {[%emt 0:00:00]} Nf6 {[%emt 0:00:00]} 25. Re2 {[%emt 0:00:00]} b5 {[%emt 0:00:00]} 26. Kg2 {[%emt 0:00:00]} bxc4 {[%emt 0:00:00]} 27. bxc4 {[%emt 0:00:00]} Qxc4 {[%emt 0:00:00]} 28. Reb2 {[%emt 0:00:00]} Qxd5 {[%emt 0:00:00]} 29. Qa7 {[%emt 0:00:00]} e6 {[%emt 0:00:00]} 30. Rxb7 {[%emt 0:00:00]} Rxb7 {[%emt 0:00:00]} 31. Qxb7 {[%emt 0:00:00]} Qxa2+ {[%emt 0:00:00]} 32. Rb2 {[%emt 0:00:00]} Qc4 {[%emt 0:00:00]} 33. Ng5 {[%emt 0:00:00]} Qd5+ {[%emt 0:00:00]} 34. Qxd5 {[%emt 0:00:00]} Nxd5 {[%emt 0:00:00]} 35. Rb7 {[%emt 0:00:00]} Re7 {[%emt 0:00:00]} 36. Rxe7 {[%emt 0:00:00]} Nxe7 {[%emt 0:00:00]} 37. Ne4 {[%emt 0:00:00]} d5 {[%emt 0:00:00]} 38. Nc5 {[%emt 0:00:00]} a5 {[%emt 0:00:00]} 39. Kf2 {[%emt 0:00:00]} Kf6 {[%emt 0:00:00]} 40. Ke3 {[%emt 0:00:00]} Nc6 {[%emt 0:00:00]} 41. Kd3 {[%emt 0:00:00]} Ke7 {[%emt 0:00:00]} 42. Kc3 {[%emt 0:00:00]} Kd6 {[%emt 0:00:00]} 43. Nd3 {[%emt 0:00:00]} f6 {[%emt 0:00:00]} 44. Bf1 {[%emt 0:01:12]} e5 {[%emt 0:00:09]} 45. Nf2 {[%emt 0:00:14]} exf4 {[%emt 0:01:17]} 46. gxf4 {[%emt 0:00:01]} g5 {[%emt 0:00:01]} 47. fxg5 {[%emt 0:00:14]} fxg5 {[%emt 0:00:02]} 48. Bb5 {[%emt 0:00:53]} Ne5 {[%emt 0:00:11]} 49. h3 {[%emt 0:00:52]} h5 {[%emt 0:00:16]} 50. Be2 {[%emt 0:00:09]} g4 {[%emt 0:00:18]} 1/2-1/2

[Event "11th LCC Rapid 2019"]
[Site "London"]
[Date "2019.12.07"]
[Round "6.26"]
[White "Zheng, William"]
[Black "Ignatovic, Ernest"]
[Result "0-1"]
[WhiteElo "1672"]
[BlackElo "1703"]
[PlyCount "68"]
[EventDate "2019.12.08"]
[EventType "swiss"]
[EventCountry "ENG"]
[TimeControl "15+10"]
[WhiteClock "0:08:04"]
[BlackClock "0:08:38"]

1. e4 {[%emt 0:00:00]} e6 {[%emt 0:00:00]} 2. d4 {[%emt 0:00:00]} d5 {[%emt 0:00:00]} 3. exd5 {[%emt 0:00:00]} exd5 {[%emt 0:00:00]} 4. Nf3 {[%emt 0:00:00]} Bd6 {[%emt 0:00:00]} 5. Bd3 {[%emt 0:00:00]} Nc6 {[%emt 0:00:00]} 6. O-O {[%emt 0:00:00]} h6 {[%emt 0:00:00]} 7. h3 {[%emt 0:00:00]} Be6 {[%emt 0:00:00]} 8. c3 {[%emt 0:00:00]} Qd7 {[%emt 0:00:00]} 9. Re1 {[%emt 0:00:00]} O-O-O {[%emt 0:00:00]} 10. b4 {[%emt 0:00:00]} g5 {[%emt 0:00:00]} 11. Na3 {[%emt 0:00:00]} Nf6 {[%emt 0:00:00]} 12. Nb5 {[%emt 0:00:00]} g4 {[%emt 0:00:00]} 13. Nxd6+ {[%emt 0:00:00]} Qxd6 {[%emt 0:00:00]} 14. Ne5 {[%emt 0:00:00]} gxh3 {[%emt 0:00:00]} 15. g3 {[%emt 0:00:00]} Rdg8 {[%emt 0:00:00]} 16. Bf4 {[%emt 0:00:00]} Qf8 {[%emt 0:00:00]} 17. Nxc6 {[%emt 0:00:00]} bxc6 {[%emt 0:00:00]} 18. Qa4 {[%emt 0:00:00]} Nh5 {[%emt 0:00:00]} 19. Be5 {[%emt 0:00:00]} f6 {[%emt 0:00:00]} 20. Qxc6 {[%emt 0:00:00]} fxe5 {[%emt 0:00:40]} 21. Qxe6+ {[%emt 0:00:00]} Kb8 {[%emt 0:00:39]} 22. Qxe5 {[%emt 0:00:00]} h2+ {[%emt 0:01:02]} 23. Kg2 {[%emt 0:00:00]} Nf4+ {[%emt 0:00:23]} 24. Kh1 {[%emt 0:00:00]} Nxd3 {[%emt 0:00:05]} 25. Qxd5 {[%emt 0:00:00]} Nxe1 {[%emt 0:00:42]} 26. Qb5+ {[%emt 0:00:00]} Kc8 {[%emt 0:00:09]} 27. Qa6+ {[%emt 0:00:00]} Kb8 {[%emt 0:00:02]} 28. Qb5+ {[%emt 0:00:00]} Kc8 {[%emt 0:00:14]} 29. Qa6+ {[%emt 0:00:00]} Kd7 {[%emt 0:00:04]} 30. Qb5+ {[%emt 0:00:00]} Kd8 {[%emt 0:00:24]} 31. Qb8+ {[%emt 0:00:00]} Kd7 {[%emt 0:00:03]} 32. Qb5+ {[%emt 0:00:00]} c6 {[%emt 0:00:11]} 33. Qb7+ {[%emt 0:00:00]} Kd6 {[%emt 0:00:06]} 34. Rxe1 {[%emt 0:00:00]} Qf3+ {[%emt 0:00:00] Kg1} 0-1

[Event "11th LCC Rapid 2019"]
[Site "London"]
[Date "2019.12.07"]
[Round "6.27"]
[White "Trivedi, Aarnavh"]
[Black "Conway, Paul Bernard"]
[Result "1-0"]
[WhiteElo "1761"]
[BlackElo "1837"]
[PlyCount "59"]
[EventDate "2019.12.08"]
[EventType "swiss"]
[EventCountry "ENG"]
[TimeControl "15+10"]
[WhiteClock "0:02:54"]
[BlackClock "0:02:29"]

1. d4 {[%emt 0:00:00]} Nf6 {[%emt 0:00:00]} 2. Bf4 {[%emt 0:00:00]} g6 {[%emt 0:00:00]} 3. e3 {[%emt 0:00:00]} Bg7 {[%emt 0:00:00]} 4. c3 {[%emt 0:00:00]} d6 {[%emt 0:00:00]} 5. Bd3 {[%emt 0:00:00]} Nbd7 {[%emt 0:00:00]} 6. Nf3 {[%emt 0:00:00]} O-O {[%emt 0:00:00]} 7. Nbd2 {[%emt 0:00:00]} Re8 {[%emt 0:00:00]} 8. Bc4 {[%emt 0:00:00]} d5 {[%emt 0:00:00]} 9. Bd3 {[%emt 0:00:00]} c6 {[%emt 0:00:00]} 10. O-O {[%emt 0:00:00]} Qb6 {[%emt 0:00:00]} 11. Qc2 {[%emt 0:00:00]} Nh5 {[%emt 0:00:00]} 12. Rfe1 {[%emt 0:00:00]} e5 {[%emt 0:00:00]} 13. dxe5 {[%emt 0:00:00]} Nxe5 {[%emt 0:00:00]} 14. Nxe5 {[%emt 0:00:00]} Bxe5 {[%emt 0:00:00]} 15. Bxe5 {[%emt 0:00:00]} Rxe5 {[%emt 0:00:00]} 16. Nf3 {[%emt 0:00:00]} Re8 {[%emt 0:00:00]} 17. h3 {[%emt 0:00:00]} Ng7 {[%emt 0:00:00]} 18. e4 {[%emt 0:00:00]} dxe4 {[%emt 0:00:00]} 19. Bxe4 {[%emt 0:00:00]} Nf5 {[%emt 0:00:00]} 20. Bd3 {[%emt 0:00:00]} Bd7 {[%emt 0:00:00]} 21. Ne5 {[%emt 0:00:00]} Be6 {[%emt 0:00:00]} 22. Ng4 {[%emt 0:00:00]} Kg7 {[%emt 0:00:00]} 23. Qd2 {[%emt 0:00:00]} Rad8 {[%emt 0:00:00]} 24. Rad1 {[%emt 0:00:00]} h5 {[%emt 0:00:00]} 25. Ne5 {[%emt 0:00:00]} Bxa2 {[%emt 0:00:06]} 26. Qg5 {[%emt 0:00:34]} Be6 {[%emt 0:00:44]} 27. g4 {[%emt 0:00:33]} hxg4 {[%emt 0:00:31]} 28. Nxg4 {[%emt 0:00:22]} Rh8 {[%emt 0:00:47]} 29. Bxf5 {[%emt 0:01:14]} Bxf5 {[%emt 0:00:03]} 30. Qf6+ {[%emt 0:00:03]} 1-0

[Event "11th LCC Rapid 2019"]
[Site "London"]
[Date "2019.12.07"]
[Round "6.29"]
[White "Sandhu, Manvith"]
[Black "Rushbrooke, Tibo"]
[Result "0-1"]
[WhiteElo "1673"]
[BlackElo "1730"]
[PlyCount "48"]
[EventDate "2019.12.08"]
[EventType "swiss"]
[EventCountry "ENG"]
[TimeControl "15+10"]
[WhiteClock "0:01:03"]
[BlackClock "0:06:29"]

1. e4 {[%emt 0:00:00]} e5 {[%emt 0:00:00]} 2. Nf3 {[%emt 0:00:00]} Nc6 {[%emt 0:00:00]} 3. Bb5 {[%emt 0:00:00]} a6 {[%emt 0:00:00]} 4. Ba4 {[%emt 0:00:00]} Nf6 {[%emt 0:00:00]} 5. d3 {[%emt 0:00:00]} Bc5 {[%emt 0:00:00]} 6. c3 {[%emt 0:00:00]} O-O {[%emt 0:00:00]} 7. Bxc6 {[%emt 0:00:00]} dxc6 {[%emt 0:00:00]} 8. Nxe5 {[%emt 0:00:00]} Re8 {[%emt 0:00:00]} 9. Nf3 {[%emt 0:00:00]} Bg4 {[%emt 0:00:00]} 10. O-O {[%emt 0:00:00]} Qd7 {[%emt 0:00:00]} 11. Bg5 {[%emt 0:00:00]} Rad8 {[%emt 0:00:00]} 12. e5 {[%emt 0:00:00]} Bxf3 {[%emt 0:00:00]} 13. Qxf3 {[%emt 0:00:00]} Rxe5 {[%emt 0:00:00]} 14. Bxf6 {[%emt 0:00:00]} gxf6 {[%emt 0:00:00]} 15. d4 {[%emt 0:00:00]} Rf5 {[%emt 0:00:00]} 16. Qg4+ {[%emt 0:00:00]} Kh8 {[%emt 0:00:00]} 17. dxc5 {[%emt 0:00:00]} Rg8 {[%emt 0:00:00]} 18. Qd4 {[%emt 0:00:00]} Qe6 {[%emt 0:00:00]} 19. Na3 {[%emt 0:00:00]} Qe2 {[%emt 0:00:00]} 20. c4 {[%emt 0:00:00]} Rxg2+ {[%emt 0:00:00]} 21. Kh1 {[%emt 0:00:00]} Qf3 {[%emt 0:02:34]} 22. Qe3 {[%emt 0:00:00]} Rxh2+ {[%emt 0:00:21]} 23. Kxh2 {[%emt 0:00:00]} Rh5+ {[%emt 0:00:09]} 24. Kg1 {[%emt 0:00:00]} Rh1# {[%emt 0:00:08]} 0-1

[Event "11th LCC Rapid 2019"]
[Site "London"]
[Date "2020.02.03"]
[Round "7.1"]
[White "Gordon, Stephen J"]
[Black "Willow, Jonah B"]
[Result "1-0"]
[WhiteElo "2495"]
[BlackElo "2355"]
[Annotator "TA"]
[PlyCount "113"]
[EventDate "2019.12.08"]
[EventType "swiss"]
[EventCountry "ENG"]

{[%evp 17,113,11,21,0,0,0,8,0,10,18,25,0,0,0,0,0,0,-8,-8,-4,-5,-27,0,0,18,0,0,0,0,0,8,0,0,0,0,0,0,0,0,0,-1,-8,0,0,0,0,0,0,0,0,0,0,0,0,988,984,872,856,754,443,537,276,314,293,220,0,0,0,0,0,0,0,0,0,29971,29972,29972,29973,29973,0,0,0,0,0,0,0,0,0,29973,29973,29968,29969,29981,29982,29981,29982,29982,29983]} 1. c4 c5 2. Nf3 Nc6 3. Nc3 g6 4. e3 Nf6 5. d4 cxd4 6. exd4 d5 7. cxd5 Nxd5 8. Qb3 e6 9. Bb5 Bg7 10. Bxc6+ {A35: Symmetrical English: 2 Nc3 Nc6 3 Nf3} bxc6 11. O-O O-O 12. Na4 {The position is equal.} Ba6 {aiming for ...Rb8.} 13. Re1 $1 Nb6 {[#]} 14. Qc2 $146 (14. Nc5 {keeps more tension.} Bc4 15. Qc3 Bd5 16. Ne5 a5 17. Bf4) ({Predecessor:} 14. Nc5 Bc4 15. Qc3 Bd5 16. Ne5 Nc8 17. Bf4 Nd6 18. Rad1 Nf5 19. Na6 Qb6 20. Nb4 {0-1 (39) Admiraal,M (2507)-Van Wely,L (2604) Maastricht 2019}) 14... Nxa4 15. Qxa4 Bb5 16. Qc2 Qd5 17. Be3 a5 18. a4 Ba6 19. Ra3 Rfc8 20. Rc3 Bf8 21. Rc1 Bb7 22. Qb3 Bb4 23. Qxd5 cxd5 24. Rxc8+ Rxc8 25. Rxc8+ Bxc8 26. Bd2 Bxd2 27. Nxd2 $11 {[%mdl 4096] Endgame KB-KN} Bd7 28. Nb3 Bxa4 29. Nxa5 f6 30. f4 Kf7 31. Nb7 Ke7 32. Kf2 Bc6 33. Nc5 Kd6 34. Nd3 Bb5 35. Ke3 Bxd3 $2 {[%mdl 8192]} (35... h6 $11) 36. Kxd3 {KP-KP} Kc6 37. Kc3 Kb5 38. b3 Ka5 39. g4 h6 {Black wants to play ...g5.} 40. h4 Kb5 41. g5 $2 (41. Kb2 $1 $18 Kb4 42. g5 fxg5 43. fxg5) 41... fxg5 42. fxg5 hxg5 43. hxg5 {K3P-K3P} Ka5 $1 44. Kc2 $1 {[%cal Rc2b1] And now Kb1 would win.} Kb5 $1 45. Kb1 Kb6 $2 {[%mdl 8192]} (45... Ka5 $11 46. Kc1 Kb6) 46. Kb2 Ka5 47. Ka3 $1 Kb5 48. Ka2 $2 (48. b4 $1 {mates} Kc4 49. Ka4 e5 50. dxe5 d4 51. Ka3 Kd5 52. Kb3 Kxe5 53. b5) 48... Kb4 {Hoping for ...Kc3.} 49. Kb2 Ka5 $1 50. Ka2 Kb4 51. Kb2 Ka5 $1 52. Ka3 $2 {[%mdl 8192]} (52. Kc3 $11 Kb5 53. Kc2) 52... Kb5 {[#]} 53. b4 $1 {[%cal Bb3b4,Bb4b5,Bb5b6][%mdl 32] White mates.} Kc4 54. Ka4 Kxd4 {[#]} 55. b5 $1 {[%cal Rb5b6]} Ke5 56. b6 Kd6 57. Ka5 {Accuracy: White = 84%, Black = 93%.} 1-0

[Event "11th LCC Rapid 2019"]
[Site "London"]
[Date "2020.01.28"]
[Round "7.2"]
[White "Arkell, Keith C"]
[Black "Harvey, Marcus R"]
[Result "1/2-1/2"]
[WhiteElo "2453"]
[BlackElo "2412"]
[Annotator "TA"]
[PlyCount "96"]
[EventDate "2019.12.08"]
[EventType "swiss"]
[EventCountry "ENG"]

{[%evp 22,96,0,-6,22,-14,16,12,32,27,57,50,51,30,91,100,113,48,51,50,70,12,75,58,62,56,87,32,36,23,40,11,12,5,106,0,0,-97,-97,-87,-89,-101,-105,-115,-105,-112,-96,-251,-60,-167,-160,-259,-44,-45,-41,-45,-72,-39,-8,-8,-8,-8,-8,-8,0,0,0,0,0,0,0,0,0,0,0,0,0]} 1. d4 Nf6 2. Nf3 b6 3. c4 Bb7 4. Nc3 e6 5. a3 d5 6. cxd5 Nxd5 7. Bg5 Be7 8. Bxe7 Qxe7 9. e3 Nxc3 10. bxc3 O-O 11. Bd3 Nd7 12. O-O e5 {...e4 is the strong threat. E12: Queen's Indian: Unusual White 4th moves, 4 a3, 4 Nc3 Bb7 5 a3 and 4 Nc3 Bb7} 13. Bb5 $146 ({Predecessor:} 13. Nd2 c5 14. Qc2 g6 15. Rfe1 Rac8 16. Qb3 cxd4 17. exd4 Bxg2 18. f4 Bb7 19. Be4 Bxe4 20. Rxe4 {0-1 (35) Allagui,M (1736)-Hbacha,A (2091) Hammamet 2015}) 13... e4 14. Nd2 Nf6 15. a4 h5 16. Be2 h4 17. h3 Nh7 (17... a5 $11 {remains equal.}) 18. a5 $16 Ng5 19. axb6 (19. Bc4 $16) 19... axb6 $14 20. Qb3 Kh7 21. Qb4 ({White should play} 21. Qb5 $14) 21... Qf6 (21... Qxb4 $11 22. cxb4 Rxa1 23. Rxa1 Ra8 24. Rxa8 Bxa8) 22. Nc4 Bd5 23. Ne5 {Black must now prevent Nd7.} Rfd8 24. c4 (24. Qb5 $16) 24... Be6 25. Rxa8 Rxa8 26. Ng4 Qd8 27. c5 Ra2 {[#]} (27... Qe7 $11) 28. Bc4 (28. cxb6 $1 $16 {aiming for b7.} cxb6 29. Bc4) 28... bxc5 $11 29. dxc5 (29. Qb3 $11 Bxc4 30. Qxc4) 29... Qd2 $36 {[%mdl 2048] Black has strong initiative.} 30. Qxd2 Rxd2 31. Bxe6 Nxe6 {[%mdl 4096] Endgame KRN-KRN} 32. Rc1 f5 33. Ne5 Rd5 34. f4 $2 (34. Nc6 $17 {might work better.}) 34... Nxc5 $2 (34... g5 $19 35. Nc6 gxf4) 35. Rc2 {[#]} (35. g4 $15) 35... g5 $1 $19 {[%mdl 512]} 36. Nc6 {[#]} (36. Kf2 $17) (36. fxg5 Rxe5) 36... gxf4 $2 ({Better is} 36... Rd1+ $1 $19 37. Kh2 Nb3) 37. Ne7 $1 $15 {[%cal Re7d5]} Rd1+ 38. Kh2 fxe3 39. Nxf5 Rd2 (39... Rd3 {is more complex.} 40. Nxe3 Ne6 41. Rc6 Nd4 42. Rxc7+ Kg6) 40. Nxe3 {The position is equal.} (40. Rxc5 e2 $19) 40... Rxc2 41. Nxc2 $11 {KN-KN} Kg6 42. g3 Ne6 43. gxh4 c5 44. Kg3 Kf5 45. Ne3+ Ke5 46. h5 Kd4 47. h6 Nf8 48. Kf4 c4 {Accuracy: White = 38%, Black = 39%.} 1/2-1/2

[Event "11th LCC Rapid 2019"]
[Site "London"]
[Date "2020.01.28"]
[Round "7.3"]
[White "Hebden, Mark L"]
[Black "Ilfeld, Etan"]
[Result "1-0"]
[WhiteElo "2433"]
[BlackElo "2188"]
[Annotator "TA"]
[PlyCount "114"]
[EventDate "2019.12.08"]
[EventType "swiss"]
[EventCountry "ENG"]

{[%evp 21,114,18,34,36,27,0,0,0,0,0,0,0,17,0,0,-36,-41,-37,-34,-51,-58,-78,0,-5,-12,-20,-16,-16,-14,-25,-13,-24,0,0,33,33,40,40,40,40,40,40,40,40,40,40,40,40,40,40,40,40,41,41,58,60,56,50,80,76,158,144,134,133,190,199,184,68,85,85,86,85,85,89,134,126,443,455,448,444,414,382,486,443,471,469,469,452,450,431,384,206,766,745,692]} 1. d4 d5 2. Nf3 e6 3. c4 c6 4. e3 Nf6 5. Bd3 Be7 6. O-O O-O 7. b3 Nbd7 8. Bb2 b6 9. Nc3 Bb7 10. Qc2 Rc8 11. Rad1 h6 12. Qe2 {D46: Semi-Slav: 5 e3 Nbd7 6 Bd3, Black avoids the Meran} Qc7 13. cxd5 $146 ({Predecessor:} 13. Ne5 Rfd8 14. f4 c5 15. f5 Nf8 16. fxe6 fxe6 17. cxd5 exd5 18. Nb5 Qb8 19. Ng4 Rc6 20. dxc5 bxc5 {1-0 (33) Belous,V (2554)-Demidov,M (2503) Moscow 2013}) 13... cxd5 14. Nb5 {The position is equal.} Qb8 15. Ba3 Bxa3 16. Nxa3 Rc6 17. Bb5 Rc7 18. Bxd7 Nxd7 19. Rc1 Rfc8 20. Qd2 Ba6 21. Rfe1 Rc6 (21... Nf6 $17) 22. Rxc6 $11 Rxc6 23. Nc2 {[%cal Ba3c2,Bc2b4,Bb4d3,Bd3f4][%mdl 32] aiming for Nb4.} Rc8 24. Nb4 Bb7 25. Rc1 a5 26. Nd3 f6 27. h4 Kf7 28. h5 Ba6 29. Nf4 Rxc1+ 30. Qxc1 Qd6 31. Qc2 {Hoping for Qg6+.} Kg8 32. Ng6 (32. Nh4 {looks sharper.} Nf8 33. Qc3 Bb7 34. f3 Ba6 35. Qd2) 32... Nf8 33. Nxf8 Kxf8 34. Nh4 Kg8 35. Ng6 Qd7 36. Qb2 Bd3 37. Nf4 Bh7 38. Qc3 Kf7 39. f3 Ke7 40. b4 $1 axb4 ({Better is} 40... a4) 41. Qxb4+ $16 {[%mdl 64] Double Attack} Qd6 42. Qa4 Qc7 (42... Qd7 $16 {was worth a try.} 43. Qa8 Kf7) 43. Qa3+ $18 Kf7 {[#]} 44. Kf2 (44. Qf8+ $1 $18 {[%mdl 512]} Kxf8 45. Nxe6+ {[%mdl 64] Double Attack} Ke7 46. Nxc7) 44... Bb1 45. Qa8 Qc2+ {[#]} 46. Kg3 $1 Qc7 47. a3 Bc2 48. Kf2 Bb1 $2 {[%mdl 8192] [#]} (48... Qd7 $16) 49. Qf8+ $1 {[%mdl 576] Decoy} Kxf8 50. Nxe6+ {[%mdl 64] Double Attack} Ke7 51. Nxc7 {[%mdl 4096] Endgame KB-KN} Ba2 52. Nb5 Bc4 53. Nc3 Ke6 54. g4 f5 55. Kg3 fxg4 56. fxg4 (56. Kxg4 $142 Kf6 57. Kf4) 56... Ba6 $2 (56... Bb3 57. Kf4 Bc2) 57. Na4 Kd6 {Accuracy: White = 67%, Black = 33%.} 1-0

[Event "11th LCC Rapid 2019"]
[Site "London"]
[Date "2020.01.28"]
[Round "7.4"]
[White "Clarke, Brandon Gi"]
[Black "Johnson, Daniel"]
[Result "1-0"]
[WhiteElo "2380"]
[BlackElo "2144"]
[Annotator "TA"]
[PlyCount "87"]
[EventDate "2019.12.08"]
[EventType "swiss"]
[EventCountry "ENG"]

{[%evp 9,87,22,70,2,3,8,3,2,38,34,75,26,28,35,40,31,60,14,14,13,25,25,11,7,0,0,25,-9,43,25,139,149,142,131,295,290,306,310,295,275,329,322,320,327,322,315,314,317,305,298,309,232,311,253,283,275,593,602,552,462,666,484,733,721,712,708,1084,1030,29987,1413,29988,690,5669,689,667,658,29989,29990,29998,29999]} 1. e4 e5 2. Nf3 Nc6 3. Bb5 Nf6 4. d3 Bc5 5. c3 d6 (5... O-O 6. O-O d6 7. Ba4 Ne7 8. Bc2 Ng6 9. d4 Bb6 10. a4 c6 11. dxe5 Nxe5 12. Nxe5 dxe5 13. Qxd8 Rxd8 14. a5 Bc5 {1-0 (39) Carlsen,M (2845)-Grischuk,A (2771) Shamkir 2019}) 6. Bg5 {C65: Ruy Lopez: Berlin Defence (3...Nf6), unusual lines and 4 0-0 Bc5} (6. d4 $14 exd4 7. cxd4 Bb4+ 8. Bd2) 6... h6 $11 7. Bh4 g5 8. Bg3 {The position is equal.} Bg4 9. Nbd2 a6 10. Ba4 (10. Bxc6+ $5 bxc6 11. h3 $11) 10... b5 11. Bb3 Bb6 $146 ({Predecessor:} 11... Qe7 12. Qe2 Bb6 {0-1 (43) Wlodarczyk,O (2161)-Chojnacki,K (2292) Lubniewice 2002}) 12. a4 O-O 13. h3 Bh5 14. h4 $36 {[%mdl 2048] White has good play.} g4 15. Nh2 Qd7 16. O-O Kg7 17. Qe2 Rae8 18. Rfd1 d5 (18... Na5 $11) 19. Nhf1 d4 (19... Bg6 $11 {remains equal.}) 20. axb5 $16 axb5 21. c4 $1 Na5 $2 {[#]} (21... Qe7 $16) 22. c5 $1 $18 {[%mdl 512]} Nxb3 (22... Bxc5 23. Rxa5) 23. Nxb3 Qe6 24. Nfd2 Bg6 25. cxb6 cxb6 26. Rdc1 Nh5 27. Rc7 Rc8 28. Rxc8 Rxc8 29. Qd1 f6 30. Rc1 Rd8 31. Rc7+ Bf7 32. Qc2 Nf4 $2 (32... Rd6 {is more resistant.} 33. Bh2 Kg6) 33. Bxf4 exf4 34. g3 Qe5 (34... fxg3 $142 35. fxg3 Rd7 36. Rxd7 Qxd7) 35. Kh2 Kg6 (35... fxg3+ $142 36. fxg3 f5) 36. Qc6 fxg3+ 37. fxg3 Rd6 38. Qb7 Bd5 39. Rg7+ Kh5 40. Qe7 (40. Qc8 $142 f5 41. Re7 $1 {[%mdl 512]} Qf6 42. exd5 Qg6 43. Nxd4 f4 44. Re5+ Qg5 45. hxg5) 40... Bxb3 {[#]} 41. Nxb3 (41. Rg5+ $142 $1 {[%mdl 512]} fxg5 42. Qxe5) 41... Qxe7 42. Rxe7 Rc6 43. Nxd4 {[%mdl 64] Double Attack} Rd6 44. Ne2 {Accuracy: White = 55%, Black = 28%.} 1-0

[Event "11th LCC Rapid 2019"]
[Site "London"]
[Date "2020.02.06"]
[Round "7.5"]
[White "Haydon, David L"]
[Black "Willmoth, Robert F"]
[Result "1-0"]
[WhiteElo "2294"]
[BlackElo "2111"]
[Annotator "TA"]
[PlyCount "71"]
[EventDate "2019.12.08"]
[EventType "swiss"]
[EventCountry "ENG"]

{[%evp 14,75,29,29,35,36,44,34,51,25,48,37,43,45,78,47,64,20,20,4,51,32,45,35,78,70,79,28,150,168,178,143,255,243,265,258,320,308,320,309,312,304,431,431,415,406,413,413,616,604,731,491,473,412,407,405,724,711,2248,1201,1830,1432,1281,677]} 1. Nf3 d6 2. c4 e5 3. Nc3 f5 4. d3 Nf6 5. g3 Be7 6. Bg2 O-O 7. O-O c6 8. b4 {8.b4 scores better than 8.Rb1.} Kh8 {A21: English Opening: 1...e5 2 Nc3.} 9. Rb1 Be6 10. b5 Qc7 {White is slightly better.} 11. bxc6 {[#]} Nxc6 $146 ({Predecessor:} 11... bxc6 12. Ng5 Bg8 13. Bd2 Nbd7 14. Rb2 Rab8 15. Rc2 g6 16. f4 Ng4 17. Nh3 Nc5 {½-½ (58) Marello,G (1700)-Bertagia,R (1986) Turin 2006}) 12. Ba3 Bg8 13. Nd2 d5 14. cxd5 Bxa3 15. dxc6 (15. Nb5 $5 {[%cal Rb5c7]} Qe7 16. dxc6 bxc6 17. Nxa3 (17. Bxc6 Rac8 $11) 17... Qxa3 18. Qc1 (18. Bxc6 Rac8 $11) 18... Qxa2 19. Ra1 $14 (19. Bxc6 Rac8 $15)) 15... bxc6 16. Qa4 Bd6 17. Rfc1 (17. Qxc6 $2 Qxc6 18. Bxc6 Rac8 $19) 17... Rac8 18. Qa6 Qf7 19. Nc4 Bb8 {[#]} 20. Na5 $1 ({Much weaker is} 20. Bxc6 $6 e4 $11) 20... Qh5 (20... Bc7 $1 $11 {keeps the balance.}) 21. Nxc6 $16 f4 22. Bf3 $36 {[%mdl 2048] White is really pushing.} Qh3 (22... Ng4 $16 {is a better defense.} 23. Bxg4 Qxg4) 23. Rxb8 fxg3 24. hxg3 ({Don't take} 24. fxg3 $6 Rxc6 25. Qxa7 (25. Qxc6 Rxb8 26. Qc7 Qh6 $16) 25... Qh6 $16) 24... Rxb8 25. Nxb8 Rxb8 26. Qxa7 Rc8 27. Qe3 h5 (27... Qe6 {keeps fighting.} 28. a4 Qb3) 28. Qxe5 $18 Ng4 29. Bxg4 Qxg4 30. Kg2 Bh7 (30... Bf7 $142 31. a4 Qb4) 31. Rh1 Bg6 32. Rh4 Qd7 33. Ne4 Qb7 34. Kh2 Rc2 (34... Qc6 $142 35. a4 Rd8) 35. Rf4 {[#] White threatens Rf8+ and mate.White is clearly winning.} Rc8 36. Qe6 {Played: Ne4-d6} 1-0